000 00220nam a22000857a 4500
008 160630b xxu||||| |||| 00| 0 eng d
100 _91580
_aDreamland Publication
245 _aHop O'my Thumb
260 _aNew delhi
_b Dreamland
999 _c1309
_d1309